000 01163nmm a2200325 a 4500
001 ocm0001162278
003 TR-IsHL
005 20201028154043.0
008 150709s2015 tu tur
007 cr cn
020 _a9786059787147
035 _a1162278
_b(N$T)
050 0 4 _aDR526
_b.A57 2015
090 0 4 _aDR526
_b.A57 2015
100 1 _aAltınay, Ahmed Refik
245 1 0 _aKadınlar saltanatı: Kösem Sultan
_h[electronic resource] /
_cAhmed Refik Altınay ; yay. haz. Ahmet Önal
260 _aİstanbul :
_bYeditepe Yayınları,
_c2015
300 _a272 p.
650 4 _aTarih
650 4 _aHistory
650 0 _aSultanlar
_x Türkiye
_x Biyografi
650 0 _aQueens
_x Turkey
_x Biography
650 0 _aKadınlar, Politikada
_xTürkiye
_xTarih
650 0 _aWomen in politics
_x Turkey
650 0 _aTürkiye
_x Tarihi Osmanlı İmparatorluğu
_x 1453-1683
650 0 _aTurkey
_x History
_x Ottoman Empire
_x1453-1683.
650 7 _aHISTORY / Middle East / Turkey & Ottoman Empire
_2bisacsh
700 1 _aÖnal, Ahmet
856 4 0 _uhttp://search.ebscohost.com/login.aspx?direct=true&scope=site&db=e011xww&AN=1162278
999 _c12373
_d12373